Random Multuplacation - Statistics

General Stats
  • This quiz has been taken 68 times
  • The average score is 15 of 15
Answer Stats
multuplacation Answer % Correct
5×3= 15
100%
5×7= 35
100%
4×4= 16
98%
6×3= 18
98%
8×9= 72
98%
1×987= 987
98%
1×0= 0
97%
3×4= 12
97%
5×5= 25
97%
6×7= 42
97%
6×8= 48
97%
13×6= 78
97%
9×9= 81
97%
12×7= 84
97%
234×7= 1638
82%
No matching quizzes found
Score Distribution
Percent of People with Each Score
Percentile by Number Answered
Your Score History
You have not taken this quiz